El costeo basado en la actividad en las universidades (Registro nro. 29100)

Detalles MARC
000 -LEADER
fixed length control field 00320 a2200109 4500
001 - CONTROL NUMBER
control field ART_26208
005 - DATE AND TIME OF LATEST TRANSACTION
control field 20260410161937.0
008 - FIXED-LENGTH DATA ELEMENTS--GENERAL INFORMATION
fixed length control field 260409a
100 1# - MAIN ENTRY--PERSONAL NAME
Personal name Ficco, Cecilia Rita
245 10 - TITLE STATEMENT
Title El costeo basado en la actividad en las universidades
773 0# - HOST ITEM ENTRY
Title SaberEs
Related parts - Nº 3 (jun. 2011)
Record control number REV26089

No hay ítems disponibles.